000 01368cam a22002771i 4500
003 SA-RiAUC
005 20250210070016.0
008 250204s2002 ku g 00000bara c
040 _aBSALEHC
_bara
_cSA-RiAUC
_erda
043 _aa-su---
082 0 4 _a923.1
_qSA-RiAUC
090 _a923.1
_bع ب ي
100 1 _aالعبيد، محمد العلي،
_d1303-1399 هجري
_eمؤلف.
245 1 0 _aمن أخبار الملك عبد العزيز في مذكرات الراوي والمؤرخ محمد العلي العبيد 1303-1399 هـ /
_cاختيار وتحقيق فائز بن موسى البدراني الحربي.
264 1 _aالكويت :
_b[الناشر غير محدد]،
_c2002
300 _a259 صفحة ؛
_c24 سم
336 _aنص
_btxt
_2rdacontent
_3كتاب
337 _aبدون وسيط
_bn
_2rdamedia
338 _aمجلد
_bnc
_2rdacarrier
600 1 7 _aابن سعود، عبد العزيز بن عبد الرحمن بن فيصل،
_cملك السعودية،
_d1293-1373 هجري
_2aucnm
651 7 _aالسعودية
_xملوك وحكام
_vتراجم
_2aucsh
651 7 _aالسعودية
_xتاريخ
_yعبد العزيز بن عبد الرحمن، 1319-1373 هجري.
_2aucsh
700 1 _aالحربي، فايز بن موسى،
_d1376 هجري-
_eجامع.
942 _2ddc
_cBOOK
_n0
949 _aSA-JeALM
_d250204
_umohamedma123
_n1
999 _c5767
_d5767